|
|
|
|
| LEADER |
01348nam a22003372a 4500 |
| 001 |
000429945 |
| 003 |
CZ BrMZK |
| 005 |
20150701075415.0 |
| 007 |
ta |
| 008 |
010907s1952 xr ag f cze d |
| 015 |
|
|
|a cnb000404649
|
| 035 |
|
|
|a (OCoLC)85174108
|
| 040 |
|
|
|a BOA001
|b cze
|
| 100 |
1 |
|
|a Hájková, Táňa
|7 jk01033109
|4 aut
|
| 245 |
1 |
0 |
|a Lidové hry a tance pro mládež /
|c Táňa Hájková
|
| 260 |
|
|
|a Praha :
|b Mladá fronta,
|c 1952
|
| 300 |
|
|
|a 142 s. :
|b il., noty ;
|c 8°
|
| 490 |
1 |
|
|a Pionýr ;
|v sv. 4
|
| 500 |
|
|
|a 10000 výt.
|
| 505 |
2 |
0 |
|t O lidové hudbě /
|r Jiří Pospíšil
|
| 700 |
1 |
|
|a Pospíšil, Jiří,
|d 1927-2004
|7 jn20000620293
|4 aut
|
| 830 |
|
0 |
|a Pionýr (Mladá fronta)
|0 s
|
| 856 |
4 |
1 |
|u http://www.digitalniknihovna.cz/mzk/uuid/uuid:c042bcd0-325e-11e2-adb0-005056827e52
|y Digitalizovaný dokument
|x NDK
|
| 910 |
|
|
|a BOA001
|b 2-0293.786
|b PK-0003.494
|
| 920 |
|
|
|a 000251943
|
| 964 |
|
|
|a Tance lidové - sborníky pro mládež
|
| 964 |
|
|
|a Hry lidové - sborníky pro mládež
|
| 990 |
|
|
|a BK
|
| 996 |
7 |
|
|b 2619765130
|c 2-0293.786
|l MZK
|r Sklad / do 24 hodin
|n 11
|w 000429945
|u 000020
|a 1
|e BOA001
|j MZK50
|s A
|
| 996 |
6 |
|
|b 2619778312
|c 2-0293.786
|l MZK
|r Sklad / do 24 hodin
|n 14
|w 000429945
|u 000010
|a 1
|e BOA001
|j MZK50
|s P
|
| 996 |
7 |
|
|b 3119913049
|c PK-0003.494
|l MZK
|r Sklad / do 1 hodiny
|n 11
|w 000429945
|u 000030
|a 1
|e BOA001
|j MZK50
|s A
|